Mládež a alkohol

Bibliographic Details
Main Author: Cahová, Dagmar (Author)
Format: Article
Language:Slovak
Subjects:

MARC

LEADER 00000nab a2200000Ia 4500
001 vtls010822163
003 SK-MaSNL
005 20260303103441.0
008 230121|1975 xo |||||||||||||||||slo|
035 |a (urnnbn)urn:nbn:sk:snk:ar-a0607s 
035 |a urn:nbn:sk:snk-ab5p7k 
035 |a (uuid)2647611c-72a8-4734-9667-4f705bde7ab3 
040 |a SNKBUCL  |b slo  |c SNKBUCL  |e AACR2 
041 0 |a slo 
044 |a xo  |c SK 
080 |a 316.346.32-053.6  |2 2001 
080 |a 663.51  |2 2001 
080 |a 178.1  |2 2011 
100 1 |a Cahová, Dagmar  |4 aut  |9 458913 
245 1 0 |a Mládež a alkohol  |c Dagmar Cahová 
650 0 7 |a mládež  |2 SNKPH  |9 1575 
650 0 7 |a alkohol  |2 SNKPH  |9 15497 
650 0 7 |a alkoholizmus  |2 SNKPH  |9 14184 
773 0 |t Výživa a zdravie : časopis pre výživu a zdravý životný štýl  |g Roč. 20, č. 3 (1975), s. 67-68 
954 |a odborná, vedecká literatúra pôvodná (slovenská)  |2 lita 
958 |a OND 
958 |a EUIPO 
958 |a article5 
999 |c 1849601  |d 1851531